Name the Chinese musical instrument by photo - Statistics

General Stats
  • This quiz has been taken 7 times
  • The average score is 11 of 16
Answer Stats
Picture Answer % Correct
Dizi
100%
Erhu
100%
Pipa
100%
Guzheng
80%
Ruan
80%
Sheng
80%
Suona
80%
Yangqin
80%
Gaohu
60%
Guqin
60%
Liuqin
60%
Zhonghu
60%
Hulusi
40%
Sanxian
40%
Xiao
40%
Sihu
0%
No matching quizzes found
Score Distribution
Percent of People with Each Score
Percentile by Number Answered
Your Score History
You have not taken this quiz